Museos del Vaticano : (Record no. 184233)

MARC details
000 -LEADER
campo de control de longitud fija 01079nam a2200265 i 4500
001 - NÚMERO DE CONTROL
campo de control 184233
003 - IDENTIFICADOR DE NÚMERO DE CONTROL
campo de control ES-MaACL
005 - FECHA Y HORA DE LA ÚLTIMA TRANSACCIÓN
campo de control 20230906222125.0
008 - DATOS DE LONGITUD FIJA--INFORMACIÓN GENERAL
campo de control de longitud fija 150526s1973 sp ao e |||| |dspa d
020 ## - NÚMERO INTERNACIONAL ESTÁNDAR DEL LIBRO
Número Internacional Estándar del Libro 84-7017-392-8
080 ## - NÚMERO DE LA CLASIFICACIÓN DECIMAL UNIVERSAL
Número de la Clasificación Decimal Universal 7:069(456.31)
245 00 - MENCIÓN DEL TÍTULO
Título Museos del Vaticano :
Resto del título Roma /
Mención de responsabilidad, etc. [presentación de Paolo dalla Torre del Tempio di Sanguinetto ; prefacio de Dioclécio Redig de Campos ; textos de Gigetta dalli Regoli ... [et al.] ; traducción de Xavier Gispert, Máximo Cortini].
260 ## - PUBLICACIÓN, DISTRIBUCIÓN, ETC.
Lugar de publicación, distribución, etc. Barcelona :
Nombre del editor, distribuidor, etc. Argos,
Fecha de publicación, distribución, etc. [1973]
300 ## - DESCRIPCIÓN FÍSICA
Extensión 172 p. :
Otras características físicas il. col., fot. ;
Dimensiones 29 cm.
490 1# - MENCIÓN DE SERIE
Mención de serie Enciclopedia de los museos ;
Designación de volumen o secuencia 13
504 ## - NOTA DE BIBLIOGRAFÍA, ETC.
Nota de bibliografía, etc. Bibliografía: p. 168.
650 ## - PUNTO DE ACCESO ADICIONAL DE MATERIA--TÉRMINO DE MATERIA
Término de materia o nombre geográfico como elemento de entrada Museos-
Subdivisión geográfica Ciudad del Vaticano.
9 (RLIN) 15365
700 1# - ENTRADA AGREGADA--NOMBRE PERSONAL
Nombre de persona Dalli Regoli, Gigetta.
9 (RLIN) 156879
700 1# - ENTRADA AGREGADA--NOMBRE PERSONAL
Nombre de persona Gispert, Javier.
9 (RLIN) 156892
700 1# - ENTRADA AGREGADA--NOMBRE PERSONAL
Nombre de persona Cortini, Máximo.
9 (RLIN) 40954
830 1# - PUNTO DE ACCESO ADICIONAL DE SERIE-TÍTULO UNIFORME
Título uniforme Enciclopedia de los museos ;
Designación de volumen o secuencia 13
9 (RLIN) 192084
852 ## - LOCALIZACIÓN
Ubicación ES-MaACL
Número de control de estantería E-15643
Nota libre - Enc. guaflex
852 ## - LOCALIZACIÓN
Ubicación ES-MaACL
Número de control de estantería L-30418
Nota libre - Enc. guaflex
-- - Donat. Miguel A. Velasco
Holdings
Estatus retirado Estado de pérdida Estado de daño No para préstamo Biblioteca de origen Biblioteca actual Ubicación en estantería Fecha de adquisición Fuente de adquisición Total de préstamos Signatura topográfica completa Código de barras Visto por última vez Precio de reemplazo Tipo de ítem Koha
        Biblioteca del Ateneo de Madrid Biblioteca del Ateneo de Madrid Depósito 2 26/05/2015     E-15643 1193796 23/02/2023 23/02/2023 Libro impreso
        Biblioteca del Ateneo de Madrid Biblioteca del Ateneo de Madrid Depósito 2 24/06/2016     L-30418 1195501 23/02/2023 23/02/2023 Libro impreso